Fugitiva del tiempo / (Record no. 19046)

MARC details
000 -LEADER
campo de control de longitud fija 00719nam a2200229 i 4500
001 - NÚMERO DE CONTROL
campo de control 19046
003 - IDENTIFICADOR DE NÚMERO DE CONTROL
campo de control ES-MaACL
005 - FECHA Y HORA DE LA ÚLTIMA TRANSACCIÓN
campo de control 20250813063258.0
007 - CAMPO FIJO DE DESCRIPCIÓN FÍSICA--INFORMACIÓN GENERAL
campo de control de longitud fija t|
008 - DATOS DE LONGITUD FIJA--INFORMACIÓN GENERAL
campo de control de longitud fija 020529s2001 sp ||||1| spa d
020 ## - NÚMERO INTERNACIONAL ESTÁNDAR DEL LIBRO
Número Internacional Estándar del Libro 84-607-2020-9
080 ## - NÚMERO DE LA CLASIFICACIÓN DECIMAL UNIVERSAL
Número de la Clasificación Decimal Universal 821.134.2-14"19"
100 1# - ENTRADA PRINCIPAL--NOMBRE DE PERSONA
Nombre de persona Currás, Emilia,
Fechas asociadas al nombre 1927-2020
9 (RLIN) 42228
245 10 - MENCIÓN DEL TÍTULO
Título Fugitiva del tiempo /
Mención de responsabilidad, etc. Emilia Currás ; dibujos originales de Violeta Naranja ; diseño ... por Johann Enrique Trujillo.
250 ## - MENCION DE EDICION
Mención de edición 1ª ed.
260 ## - PUBLICACIÓN, DISTRIBUCIÓN, ETC.
Lugar de publicación, distribución, etc. Madrid :
Nombre del editor, distribuidor, etc. Vigía,
Fecha de publicación, distribución, etc. 2001.
300 ## - DESCRIPCIÓN FÍSICA
Extensión 44 p. :
Otras características físicas il. ;
Dimensiones 22 cm.
700 1# - ENTRADA AGREGADA--NOMBRE PERSONAL
Nombre de persona Naranjo, Violeta.
9 (RLIN) 84924
700 1# - ENTRADA AGREGADA--NOMBRE PERSONAL
Nombre de persona Trujillo, Johann Enrique.
9 (RLIN) 111566
852 ## - LOCALIZACIÓN
Ubicación ES-MaACL
Número de control de estantería 2167-F-22
Holdings
Estatus retirado Estado de pérdida Estado de daño No para préstamo Colección Biblioteca de origen Biblioteca actual Ubicación en estantería Fecha de adquisición Fuente de adquisición Total de préstamos Signatura topográfica completa Código de barras Visto por última vez Precio de reemplazo Tipo de ítem Koha
        Colección de folletos Biblioteca del Ateneo de Madrid Biblioteca del Ateneo de Madrid Depósito folletos 17/01/2008     2167-F-22 1019490 23/02/2023 23/02/2023 Folleto